Video game charaters A-Z #2 - Statistics

General Stats
  • This quiz has been taken 16 times
  • The average score is 12 of 23
Answer Stats
Letter Hint Answer % Correct
L Brother of Mario. Luigi
93%
T Female of a Toad. Toadette
93%
Z Plants vs. _______ Zombies
86%
F Star___ Fox
71%
J Pink pokemon ressemble a little at Kirby. Jigglypuff
71%
B Little ghost who follows you when you don't look him. Boo
64%
P Eating points and ghosts. Pac-Man
64%
R Street fighter. Ryu
64%
C His vehicle is called Blue Falcon. Captain Falcon
57%
S Principal character of Metroid. Samus
57%
G Living mushroom. Goomba
50%
I Two kids who climb mountains. Ice Climbers
50%
M Blue robot half-human, half-robot. Megaman
50%
N Grant theft auto 4. Nico
50%
A Assasin's Creed Altair
43%
D First worst ennemie of Kirby. (King) Dedede
43%
O The cat's name in minecraft. Ocelot
36%
V Give you things like swords when you give him emerald. Villager
29%
W Three-headed monster shooting explosive skull. Wither
29%
E Assisin's Creed. Eizo
14%
H Samurai Shodown. Haohmaru
14%
K Greatest vilain of Skylanders. Kaos
14%
Y Reverse his lyrics. Yoda
14%
No matching quizzes found
Score Distribution
Percent of People with Each Score
Percentile by Number Answered
Your Score History
You have not taken this quiz